[Event "Portugalete Bizkaia-ch U16"]
[Site "Portugalete"]
[Date "2019.01.03"]
[Round "4.4"]
[White "Vazquez Aveleira, Asier"]
[Black "Garcia Bolanos, Irene"]
[Result "0-1"]
[WhiteElo "1773"]
[BlackElo "1693"]
[PlyCount "50"]
[EventDate "2018.12.27"]
[EventType "swiss"]
[EventRounds "5"]
[EventCountry "ESP"]
[SourceTitle "EXT 2024"]
[Source "ChessBase"]
[SourceDate "2023.10.10"]
[SourceVersion "1"]
[SourceVersionDate "2023.10.10"]
[SourceQuality "1"]

1. e4 e5 2. Nf3 Nc6 3. Bb5 d6 4. h3 Nf6 5. Nc3 a6 6. Bc4 Be7 7. 0-0 0-0 8. a3 Be6 9. Bxe6 fxe6 10. d3 Qe8 11. Ng5 Nd4 12. Be3 Nh5 13. Ne2 Qg6 14. Bxd4 exd4 15. h4 h6 16. Nh3 e5 17. f4 Ng3 18. f5 Nxe2+ 19. Qxe2 Qg3 20. Rf3 Qxh4 21. Nf2 Bg5 22. Rf1 Be3 23. Rh3 Qg5 24. Kh2 g6 25. Rf3 Bf4+ 0-1

[Event "Getxo op 2nd"]
[Site "Getxo"]
[Date "2017.09.15"]
[Round "9"]
[White "Garcia Bolanos, Irene"]
[Black "Sanchez Rodriguez, Ramon"]
[Result "1-0"]
[WhiteElo "1252"]
[BlackElo "1938"]
[PlyCount "51"]
[EventDate "2017.09.09"]
[EventType "swiss"]
[EventRounds "9"]
[EventCountry "ESP"]
[SourceTitle "CBM 180 Extra"]
[Source "ChessBase"]
[SourceDate "2017.10.06"]
[SourceVersion "1"]
[SourceVersionDate "2017.10.06"]
[SourceQuality "1"]

1. e4 c5 2. Nc3 Nc6 3. g3 g6 4. Bg2 Bg7 5. d3 Rb8 6. Be3 d6 7. f4 e6 8. a4 Nge7 9. Nf3 a6 10. Qd2 b5 11. axb5 axb5 12. e5 dxe5 13. Bxc5 0-0 14. fxe5 Nxe5 15. Nxe5 Bxe5 16. d4 Bg7 17. Ra7 Re8 18. 0-0 e5 19. d5 Rb7 20. Ra8 b4 21. Ne4 Rd7 22. d6 Nf5 23. g4 Nd4 24. g5 Nf5 25. Qxb4 h6 26. Bb6 1-0